000 01009cab a22001815a 4500
001 L138088
008 070516e20070512xxk f gs 000 0 eng d
035 _a(Sirsi) u138088
041 0 _aeng
100 1 _aParnell, Philip
245 0 0 _aEvolutionary tendencies in real estate
490 0 _aEstates Gazette
_v(719) 12 May 2007, 156-158(3)
520 _aConsiders the expected increase in the construction of environmentally sustainable buildings. Suggests that the point at which sustainability will become a major issue in transactions has not yet been reached. Suggests that the construction market requires financial incentives to reach this point. Refers to a survey by Drivers Jonas and Kingston University (L138087) which found similar attitudes to those up to ten years previously. Suggests that companies geared to sustainable construction may soon gain a competitive advantage.
590 _aKA
651 4 _aUnited Kingdom
_y
690 _aBUILT ENVIRONMENT-SUSTAINABLE CONSTRUCTION
942 _n0
999 _c78782
_d78782